00145nam a2200061Ia 4500008004100000100001400041245002800055120527s9999 xx 000 0 und d aEATON, C. aImmediate medical care